| 000 | 01005cam a22002415a 4500 | ||
|---|---|---|---|
| 001 | L158501 | ||
| 008 | 150327s2015 xxk f 000 0 eng d | ||
| 020 | _a9781846618635 | ||
| 035 | _a(Sirsi) u158501 | ||
| 041 | 0 | _aeng | |
| 082 | _a346.410435 | ||
| 100 | 1 | _aBickford-Smith, Stephen | |
| 245 | 0 | 0 |
_aRights of Light _bThe Modern Law |
| 250 | _a3rd ed. | ||
| 260 |
_aBristol _bJordan Publishing Limited _c2015 |
||
| 300 | _a500p, 25cm | ||
| 520 | _aCoverage of rights of light combining exposition of the law with practical guidance on procedure and remedies. Third edition has been extensively revised to include expanded chapters on remedies, guidance on evidence and procedure in the Upper Tribunal and the First-tier Tribunal and a chapter analysing the Law Commission's Report on Rights to light and the draft Rights to Light (Injunctions) Bill. | ||
| 651 | 4 | _aUnited Kingdom | |
| 690 |
_aRights of light _96267 |
||
| 700 | 1 | _aFrancis, Andrew | |
| 700 | 1 | _aWeekes, Tom | |
| 942 |
_n0 _2ddc |
||
| 999 |
_c115348 _d115348 |
||